Statistiques concernant top 15 des meilleurs dribbleurs du monde.

Cliquez ici pour prendre le quiz!

Statistiques générales

  • Ce quiz a été pris 26 fois
  • Le résultat moyen est 3 sur 15

Statistiques - réponses

HintRéponse% Correct
13Messi
79%
14Neymar
63%
15Mbappé
46%
12Ronaldo
46%
11Ronaldinho
21%
6Diego Armando Maradona
8%
7Abedi Pelé
4%
5Johan Cruyff
4%
3Pelé
4%
8Zinedine Zidane
4%
2Garrincha
0%
4George Best
0%
9Jay-Jay Okocha
0%
10Ronaldo Nazario
0%
1Stanley Matthews
0%

Distribution des résultats

Percentile par nombre de réponses

% des personnes avec chaque résultat

Votre développement - résultats

Vous n’avez pas pris ce quiz